Guess the Rapper by Name - Statistics

General Stats
  • This quiz has been taken 222 times
  • The average score is 11 of 20
Answer Stats
Rapper Name % Correct
Jermaine Cole J. Cole
91%
Marshall Mathers Eminem
90%
Dwayne Carter Jr. Lil Wayne
75%
Jahseh Onfroy XXXTentacion
74%
Tyler Okonma Tyler, The Creator
70%
Curtis Jackson III 50 Cent
66%
Shawn Carter Jay-Z
62%
Quavious Marshall Quavo
61%
Christopher Wallace Notorious B.I.G.
60%
Jacques Webster II Travis Scott
59%
Jarad Higgins Juice Wrld
58%
Andre Young Dr. Dre
51%
Jonathan Kirk DaBaby
49%
Symere Woods Lil Uzi Vert
44%
Jordan Carter Playboi Carti
43%
Nayvadius Wilburn Future
41%
Chancelor Bennett Chance The Rapper
40%
Stokely Goulbourne Ski Mask The Slump God
40%
Gustav Åhr Lil Peep
37%
Michael White IV Trippie Redd
31%
No matching quizzes found
Score Distribution
Percent of People with Each Score
Percentile by Number Answered
Your Score History
You have not taken this quiz